Kadrovyje podsistemy ASU : Matematičeskije modeli
Na minha lista:
| Main Authors: | , |
|---|---|
| Formato: | Livro |
| Idioma: | russo |
| Publicado em: |
Moskva :
Radio i svjaz,
1984
|
| Edição: | 1. vyd. |
| Tags: |
Sem tags, seja o primeiro a adicionar uma tag!
|
MARC
| LEADER | 00000nam a22000003a 4500 | ||
|---|---|---|---|
| 001 | stu87809 | ||
| 005 | 20150617225627.2 | ||
| 008 | 040614s1984----xxr-----------------rus-d | ||
| 040 | |a STU |b slo | ||
| 041 | 0 | |a rus | |
| 044 | |a xxr | ||
| 080 | |a 65.012.011.56 | ||
| 100 | 1 | |a Rumčev, Venceslav G. |4 aut | |
| 245 | 1 | |a Kadrovyje podsistemy ASU : |b Matematičeskije modeli | |
| 250 | |a 1. vyd. | ||
| 260 | |a Moskva : |b Radio i svjaz, |c 1984 | ||
| 300 | |a 246 s | ||
| 700 | 1 | |a Konin, Anatolij L. |4 aut | |
| 996 | |b E55581 |c E*55581 |l EE03 |s P |a 0 |w stu87809_0002 | ||